LEADER 01300nam a2200301 i 4500 001 000000158445 003 CaOOAMICUS 005 20070207000000.0 008 070207s2006 it u000 u ita u 013 $a135808 020 $a88-514-0395-3 040 $aSeMil$bita 100 1 $aZambon, Mariagrazia.$0(OLS)http://semarc/name/41447 245 13$aLa Turchia č vicina :$bviaggio in un Paese dai mille volti /$cMariagrazia Zambon ; Prefazione di Bernardo Cervellera. 260 $aMilano :$bĀncora,$cCopyr. 2006. 300 $a190 p. ;$c21 cm. 490 0 $aFrontiere 500 $aIn preliminari : Dedica autografa dell'Autore. - Dono del Card. Dionigi Tettamanzi. 650 4$aTurchia - Descrizioni e viaggi.$0(OLS)http://semarc/subject/16965 700 1 $aCervellera, Bernardo.$0(OLS)http://semarc/name/41448 830 0$aFrontiere.$0(OLS)http://semarc/title/1759 850 $aSeMil 852 $aSeMil$W1$xVenegono$y1$m3V III 8$j110096$B110096$CSeMilBibl$Z2$F120909 $81 941 1 $a5 961 $aOmaggio: Tettamanzi Card. Dionigi 996 $6020$a88-514-0395-3$9(OLS)http://semarc/number/73872 996 $6245$aLa Turchia č vicina :$bviaggio in un Paese dai mille volti$9(OLS)http://semarc/title/139918 996 $6260$aMilano :$bĀncora$9(OLS)http://semarc/publisher/29763 LEADER 01291nam a2200277 i 4500 001 000000238475 003 CaOOAMICUS 005 20190531123926.0 008 150130s2014 it u000 u ita u 013 $a217380 020 $a978-88-366-3012-7 040 $aSeMil$bita 245 10$aDa Beccaria a Manzoni :$bla riflessione sulla giustizia a Milano: un laboratorio europeo /$ca cura di Giorgio Panizza. 260 $aCinisello Balsamo :$bSilvana Editoriale,$c2014. 300 $a247 p. :$bill. ;$c24 cm. 600 14$aManzoni, Alessandro <1785-1873>.$0(OLS)http://semarc/subject/1531 600 14$aBeccaria, Cesare <1738-1794>.$0(OLS)http://semarc/subject/7424 650 4$aGiustizia - Milano - Storia.$0(OLS)http://semarc/subject/42182 700 1 $aPanizza, Giorgio.$0(OLS)http://semarc/name/25160 850 $aSeMil 852 $aSeMil$W1$xVenegono$y1$m1O IV 174$j188821$B188821$CSeMilBibl$Z2$F199602 $81 961 $aOmaggio: Braccini Annamaria 996 $6020$a978-88-366-3012-7$9(OLS)http://semarc/number/244140 996 $6245$aDa Beccaria a Manzoni :$bla riflessione sulla giustizia a Milano: un laboratorio europeo$9(OLS)http://semarc/title/339851 996 $6260$aCinisello Balsamo :$bSilvana Editoriale$9(OLS)http://semarc/publisher/34608